El pecador sin escusa, o, Los falsos pretextos, con que suspende su convesion, en sermones de adviento, utiles a toda clase de personas / predicados en idioma frances por el Rmo. P. Santiago Guiroust ; traducidos al español por el Doctor D. Domingo Antonio Gonzalez de la Portilla

Detalles Bibliográficos
Autor principal: Giroust, Santiago
Formato: Libro
Lenguaje:Undetermined
Spanish
Publicado: Madrid : en la imprenta de Pedro Marin, 1773-1778.
Materias:
Colección:Banco de datos
Acervo:Biblioteca Palafoxiana. Colección bibliográfica
Descripción Física:t. ; 8°
Tema general:Homilética
Notas:Sello en seco: Joaquín Meabe (17403, 17404, 17405, 17406, 17407). Número de localización: t.1 (3018, 3012, 3022, 3021, 17403, 32179, 32187) ; t.2 (3019, 3020, 3023, 3025, 17404, 39993, 40968) ; t.3 (3024, 3026, 3027, 3028, 17405, 32180) ; t.4 (3029, 17406
LEADER 00980nam a2200169Ia 4500
008 150723s9999 xx 000 0 und d
041 0 |a spa 
050 0 |a PAFX BV4207 G5 
100 1 |a Giroust, Santiago 
245 1 0 |a El pecador sin escusa, o, Los falsos pretextos, con que suspende su convesion, en sermones de adviento, utiles a toda clase de personas / predicados en idioma frances por el Rmo. P. Santiago Guiroust ; traducidos al español por el Doctor D. Domingo Antonio Gonzalez de la Portilla 
260 |a Madrid : en la imprenta de Pedro Marin, 1773-1778. 
300 |a t. ; 8° 
500 |a Sello en seco: Joaquín Meabe (17403, 17404, 17405, 17406, 17407). Número de localización: t.1 (3018, 3012, 3022, 3021, 17403, 32179, 32187) ; t.2 (3019, 3020, 3023, 3025, 17404, 39993, 40968) ; t.3 (3024, 3026, 3027, 3028, 17405, 32180) ; t.4 (3029, 17406 
650 1 0 |a Homilética 
942 |c PALALIB 
943 |g Biblioteca Palafoxiana. Colección bibliográfica 
999 |c 1053554  |d 1053554